000 00954nam a2200313 i 4500
003 EG-GICUC
005 20260422155829.0
008 260422s1975 cau ||f |||| 000 0 eng d
020 _a0471144746
040 _aEG-GiCUC
_cEG-GiCUC
_dEG-GiCUC
_eRda
_beng
041 0 _aeng
082 0 4 _221
_a343.3
_bCH . C
092 0 4 _221
099 _aLaw1 10 343.3 CH . C 1975 1011282 C1
100 1 _aChambliss, William J.
_eAuthor.
245 1 2 _aCriminal Law in Action /
_cWilliam J. Chambliss.
264 1 _aCalifornia :
_bHamilton Publishing Company ,
_c1975.
300 _a477 page ;
_b25 cm.
336 _2rda contenu
_a texte
337 _2rda medias
_aOrdinateur
338 _2 transporteur rda
_a Ressource en ligne
546 _aText in English
650 1 4 _aCriminal law
650 1 4 _aCriminal Procedure Code
651 1 _2qrmak
856 4 0 _uhttps://fll.law.cu.edu.eg/fulltext/bks/B10-11282.pdf
905 _a164
942 _2ddc
_cBK
_e21
_n0
999 _c72831
_d72831